[Event "DEM U14 2005"]
[Site "Willingen GER"]
[Date "2005.05.18"]
[Round "6"]
[White "Geske, Julian"]
[Black "Huschenbeth, Niclas"]
[Result "0-1"]
[Termination "normal"]
[Board "1"]
[WhiteElo "2047"]
[BlackElo "2115"]
[PlyCount "70"]
[WhiteFideId "24605263"]
[BlackFideId "24604747"]
[EventCountry "GER"]
[EventRounds "9"]
[EventType "swiss"]
[EventDate "2005.05.15"]

1. e4 e5 2. Nf3 Nc6 3. Bb5 Bc5 4. O-O Qf6 5. c3 Nge7 6. Re1 a6 7. Ba4 h6 8. d3
O-O 9. Be3 Ba7 10. Bxa7 Rxa7 11. d4 d6 12. h3 Ra8 13. Qd3 Ng6 14. Kh2 Nf4 15.
Qe3 Ne7 16. h4 Qe6 17. Ng1 g5 18. g3 Neg6 19. Bb3 Qf6 20. Nd2 Kh7 21. Bd1 Ne6
22. h5 Ne7 23. dxe5 dxe5 24. Bg4 Ng7 25. Qe2 Bxg4 26. Qxg4 Qxf2+ 27. Kh1 Qxd2
28. Rad1 Qxb2 29. Rd7 Qxc3 30. Rf1 Qc4 31. Rf6 Ng8 32. Rf5 Nxf5 33. Qxf5+ Kh8
34. Qxe5+ f6 35. Qf5 Rf7 0-1

[Event "DEM U14 2005"]
[Site "Willingen GER"]
[Date "2005.05.18"]
[Round "6"]
[White "Bogner, Sebastian"]
[Black "Heimann, Andreas"]
[Result "1-0"]
[Termination "normal"]
[Board "2"]
[WhiteElo "2409"]
[BlackElo "2119"]
[PlyCount "80"]
[WhiteFideId "4692055"]
[BlackFideId "24624632"]
[EventCountry "GER"]
[EventRounds "9"]
[EventType "swiss"]
[EventDate "2005.05.15"]

1. e4 e5 2. Nf3 Nc6 3. Bb5 g6 4. c3 d6 5. O-O Bg7 6. Re1 Nge7 7. d4 O-O 8. dxe5
dxe5 9. Nbd2 f6 10. Qb3+ Kh8 11. Bf1 Qe8 12. Nc4 Nd8 13. Ne3 Be6 14. Qc2 Qf7
15. b3 c5 16. Ba3 b6 17. Rad1 Ndc6 18. Nc4 Rfd8 19. Nd6 Qf8 20. b4 cxb4 21.
cxb4 a6 22. Bc4 Bxc4 23. Qxc4 b5 24. Qe6 Rxd6 25. Rxd6 Qg8 26. Rxc6 Nxc6 27.
Qxc6 Rd8 28. Qc2 Bf8 29. h3 Qe6 30. Qb3 Qd6 31. Bb2 Kg7 32. a3 Rc8 33. Rc1
Rxc1+ 34. Bxc1 Qc6 35. Be3 Qxe4 36. Qe6 Qb7 37. Bc5 Bxc5 38. bxc5 Qc7 39. Qb6
Qd7 40. c6 Qd1+ 1-0

[Event "DEM U14 2005"]
[Site "Willingen GER"]
[Date "2005.05.18"]
[Round "6"]
[White "Jorczik, Julian"]
[Black "Fink, Leander"]
[Result "1/2-1/2"]
[Termination "normal"]
[Board "3"]
[WhiteElo "2162"]
[BlackElo "1967"]
[PlyCount "114"]
[WhiteFideId "24611719"]
[BlackFideId "24605247"]
[EventCountry "GER"]
[EventRounds "9"]
[EventType "swiss"]
[EventDate "2005.05.15"]

1. d4 Nf6 2. c4 d6 3. Nc3 Nbd7 4. e4 e5 5. d5 Be7 6. Be3 O-O 7. f3 Nh5 8. Qd2
h6 9. Nh3 Nc5 10. g4 Bh4+ 11. Kd1 Nf6 12. Kc2 Nh7 13. Bg2 a5 14. Ne2 Ng5 15.
Nf2 Qf6 16. Ng1 b6 17. b3 Bd7 18. a4 Na6 19. Nfh3 g6 20. Nxg5 Bxg5 21. h4 Nb4+
22. Kc3 Bxe3 23. Qxe3 Kg7 24. Ne2 Qe7 25. Rag1 Rh8 26. Ng3 Rae8 27. Bf1 Kh7 28.
Rg2 Rhg8 29. Bd3 Bc8 30. Bb1 Bd7 31. Kb2 Bc8 32. Ka3 Rgf8 33. Qe2 Rh8 34. Nf1
Rhf8 35. Ne3 Bd7 36. Qf2 Rg8 37. Qg3 Bc8 38. Rf1 Ref8 39. Rgf2 Bd7 40. Qh3 Be8
41. Qh2 Bd7 42. f4 exf4 43. Rxf4 Kg7 44. Qf2 f6 45. h5 g5 46. Rf5 Qf7 47. Qb2
Qe7 48. Qc3 Na6 49. Ka2 Rf7 50. Ka1 Nc5 51. Qc2 Qxe4 52. Qc3 Qd4 53. Kb2 Qxc3+
54. Kxc3 Re8 55. R5f3 Ne4+ 56. Kd4 Nd2 57. Bg6 Nxf3+ 1/2-1/2

[Event "DEM U14 2005"]
[Site "Willingen GER"]
[Date "2005.05.18"]
[Round "6"]
[White "Müller, Reinhold"]
[Black "Schubert, Sven"]
[Result "1/2-1/2"]
[Termination "normal"]
[Board "4"]
[WhiteElo "2122"]
[BlackElo "1788"]
[PlyCount "94"]
[WhiteFideId "24605875"]
[BlackFideId "24630551"]
[EventCountry "GER"]
[EventRounds "9"]
[EventType "swiss"]
[EventDate "2005.05.15"]

1. d4 Nf6 2. c4 g6 3. Nc3 Bg7 4. e4 d6 5. f4 O-O 6. Nf3 c5 7. d5 e6 8. Be2 exd5
9. cxd5 Re8 10. Nd2 a6 11. a4 Qc7 12. O-O Nbd7 13. Bf3 Rb8 14. g4 h6 15. Qe2
Nh7 16. Qd3 g5 17. Nc4 b5 18. axb5 axb5 19. Nxb5 Rxb5 20. Nxd6 Qxd6 21. Qxb5
gxf4 22. Bg2 Be5 23. Bd2 Rf8 24. Ra5 Ndf6 25. b4 c4 26. Qxc4 Nxg4 27. Rc5 Bd7
28. Qd3 Ng5 29. h3 Nf6 30. h4 Ngh7 31. Bc3 Ng4 32. Bxe5 Qxe5 33. Qf3 Qd4+ 34.
Kh1 Qxb4 35. Rc7 Qd6 36. Ra7 f5 37. Qxf4 Qxf4 38. Rxf4 fxe4 39. Rxf8+ Nxf8 40.
Kg1 Nf6 41. d6 Ng6 42. h5 Nf4 43. Bxe4 Nxe4 44. Rxd7 Nxh5 45. Rd8+ Kf7 46. d7
Ke7 47. Re8+ Kxd7 1/2-1/2

[Event "DEM U14 2005"]
[Site "Willingen GER"]
[Date "2005.05.18"]
[Round "6"]
[White "Seyb, Alexander"]
[Black "Korman, Maxim"]
[Result "1-0"]
[Termination "normal"]
[Board "5"]
[WhiteElo "2061"]
[BlackElo "1999"]
[PlyCount "55"]
[WhiteFideId "4699033"]
[BlackFideId "24619787"]
[EventCountry "GER"]
[EventRounds "9"]
[EventType "swiss"]
[EventDate "2005.05.15"]

1. e4 e6 2. d4 b6 3. Bd3 Bb7 4. Nf3 c5 5. Qe2 cxd4 6. Nxd4 Nf6 7. c4 d6 8. O-O
Be7 9. b3 Nbd7 10. Nc3 O-O 11. Bb2 Nc5 12. Bc2 a6 13. Rae1 e5 14. Nf5 Ne6 15.
f3 g6 16. Ne3 Nh5 17. g3 Nhg7 18. Ncd5 f5 19. exf5 Nxf5 20. Bxf5 gxf5 21. f4 e4
22. Qh5 Bxd5 23. cxd5 Nc5 24. Nxf5 Bf6 25. Ba3 Kh8 26. b4 Bc3 27. bxc5 Bxe1 28.
Bb2+ 1-0

[Event "DEM U14 2005"]
[Site "Willingen GER"]
[Date "2005.05.18"]
[Round "6"]
[White "Kim, Oi-sin"]
[Black "Zehnter, Sebastian"]
[Result "1-0"]
[Termination "normal"]
[Board "6"]
[WhiteElo "2056"]
[BlackElo "2033"]
[PlyCount "75"]
[WhiteFideId "24605778"]
[BlackFideId "24608670"]
[EventCountry "GER"]
[EventRounds "9"]
[EventType "swiss"]
[EventDate "2005.05.15"]

1. d4 d5 2. Nf3 Bg4 3. Ne5 Bf5 4. Bf4 c6 5. Nd2 f6 6. Nef3 e6 7. e3 Bg6 8. c4
Bd6 9. Qb3 b6 10. Rc1 Ne7 11. g3 O-O 12. h4 Bf7 13. c5 Bc7 14. Qc3 Nd7 15. b4
b5 16. Bh3 Qb8 17. O-O Re8 18. Nb3 Qd8 19. Ra1 Ng6 20. a4 bxa4 21. Rxa4 e5 22.
dxe5 fxe5 23. Bg5 Qc8 24. h5 Ngf8 25. h6 Be6 26. Bg2 Bf7 27. hxg7 Ne6 28. Bh6
Qd8 29. e4 d4 30. Qc2 Qe7 31. Rfa1 Reb8 32. Nh4 a5 33. Nf5 Qd8 34. Bd2 d3 35.
Qxd3 Ndxc5 36. Nxc5 Nxc5 37. Qxd8+ Rxd8 38. Bh6 1-0

[Event "DEM U14 2005"]
[Site "Willingen GER"]
[Date "2005.05.18"]
[Round "6"]
[White "Zeldin, Leonid"]
[Black "Savchenko, Aleksij"]
[Result "1-0"]
[Termination "normal"]
[Board "7"]
[WhiteElo "1917"]
[BlackElo "2026"]
[PlyCount "67"]
[WhiteFideId "24636088"]
[BlackFideId "24611727"]
[EventCountry "GER"]
[EventRounds "9"]
[EventType "swiss"]
[EventDate "2005.05.15"]

1. e4 e5 2. Nf3 Nf6 3. Nxe5 d6 4. Nf3 Nxe4 5. d4 d5 6. Bd3 Nc6 7. c4 Nf6 8. O-O
Be7 9. Nc3 Nb4 10. Be2 dxc4 11. Bxc4 Nbd5 12. Qb3 c6 13. Bg5 O-O 14. Rfe1 Nb6
15. Bd3 Be6 16. Rxe6 fxe6 17. Qxe6+ Kh8 18. Qh3 Nbd7 19. Ne5 Nxe5 20. dxe5 Nh5
21. Bxe7 Qxe7 22. Qxh5 g6 23. Bxg6 Rg8 24. Bc2 Rg5 25. Qf3 Rf8 26. Qe3 Rxe5 27.
Ne4 Qg7 28. Rd1 Rg8 29. g3 Ra5 30. Nc5 Qxb2 31. Rd7 Qa1+ 32. Kg2 Rg7 33. Qe8+
Rg8 34. Rxh7# 1-0

[Event "DEM U14 2005"]
[Site "Willingen GER"]
[Date "2005.05.18"]
[Round "6"]
[White "Kaczmarczyk, Dennis"]
[Black "Strathoff, Jens"]
[Result "0-1"]
[Termination "normal"]
[Board "8"]
[WhiteElo "1986"]
[BlackElo "1805"]
[PlyCount "72"]
[WhiteFideId "24608297"]
[BlackFideId "4699084"]
[EventCountry "GER"]
[EventRounds "9"]
[EventType "swiss"]
[EventDate "2005.05.15"]

1. d4 d5 2. Bg5 h6 3. Bh4 Nf6 4. Bxf6 exf6 5. e3 c6 6. c4 Bb4+ 7. Nc3 O-O 8.
Bd3 dxc4 9. Bxc4 Bf5 10. Nge2 Nd7 11. O-O Nb6 12. Bd3 Qd7 13. e4 Bg6 14. a3 Bd6
15. f4 Rad8 16. Qe1 Bc7 17. Rd1 Rfe8 18. Qf2 Nc8 19. Bb1 Bb6 20. h3 Nd6 21. f5
Bh7 22. b3 Kh8 23. g4 Qe7 24. Kh1 Rd7 25. Ng3 Red8 26. Nge2 Ne8 27. b4 Nd6 28.
Qf3 Nc4 29. Na4 Bxd4 30. Nxd4 Rxd4 31. Rxd4 Rxd4 32. Qf4 Qe5 33. Qf3 Nd2 34.
Qg2 Nxf1 35. Qxf1 Rd2 36. Qg1 Qf4 0-1

[Event "DEM U14 2005"]
[Site "Willingen GER"]
[Date "2005.05.18"]
[Round "6"]
[White "Schätz, Christopher"]
[Black "Nuber, Blasius"]
[Result "0-1"]
[Termination "normal"]
[Board "9"]
[WhiteElo "1749"]
[BlackElo "1996"]
[PlyCount "108"]
[WhiteFideId "24623997"]
[BlackFideId "24620289"]
[EventCountry "GER"]
[EventRounds "9"]
[EventType "swiss"]
[EventDate "2005.05.15"]

1. e4 Nf6 2. e5 Nd5 3. d4 d6 4. Nf3 Bg4 5. h3 Bf5 6. Bd3 Bxd3 7. Qxd3 Nc6 8.
O-O dxe5 9. dxe5 e6 10. Qe2 h6 11. Rd1 Qe7 12. c4 Nb6 13. Nc3 g6 14. Be3 Bg7
15. Bxb6 axb6 16. Rd2 O-O 17. Rad1 Rfd8 18. a3 Kh7 19. Nb5 Rxd2 20. Rxd2 Rd8
21. Rxd8 Qxd8 22. g3 Qd7 23. Kh2 Ne7 24. Nd2 Bxe5 25. Qxe5 Qxd2 26. Qxc7 Qxf2+
27. Kh1 Qf3+ 28. Kh2 Qf2+ 29. Kh1 Nc6 30. Qxb7 Ne5 31. Qg2 Qxg2+ 32. Kxg2 Nxc4
33. b3 Nd2 34. b4 Nc4 35. Kf3 Kg7 36. Ke4 Kf6 37. a4 Ke7 38. Nc3 f6 39. Kd3 Nd6
40. Ne2 Kd7 41. Kd4 Kc6 42. h4 e5+ 43. Kd3 f5 44. Nc3 g5 45. hxg5 hxg5 46. Ke3
Kd7 47. Nd5 Nc4+ 48. Kd3 Nb2+ 49. Kc2 Nxa4 50. Kb3 b5 51. Kc2 Kd6 52. Ne3 f4
53. gxf4 exf4 54. Ng2 Ke5 0-1

[Event "DEM U14 2005"]
[Site "Willingen GER"]
[Date "2005.05.18"]
[Round "6"]
[White "Hirneise, Jens"]
[Black "Colpe, Malte"]
[Result "1-0"]
[Termination "normal"]
[Board "10"]
[WhiteElo "1958"]
[BlackElo "1962"]
[PlyCount "95"]
[WhiteFideId "24614734"]
[BlackFideId "24623075"]
[EventCountry "GER"]
[EventRounds "9"]
[EventType "swiss"]
[EventDate "2005.05.15"]

1. e4 e5 2. Nf3 Nc6 3. d4 exd4 4. Nxd4 Bc5 5. Be3 Qf6 6. c3 Nge7 7. Bc4 Ne5 8.
Be2 Qg6 9. O-O d6 10. f3 O-O 11. Kh1 d5 12. Nd2 dxe4 13. Nxe4 Bb6 14. Qb3 Kh8
15. Qa3 Re8 16. c4 a6 17. Rad1 Bd7 18. c5 Ba7 19. Bf4 N7c6 20. Qc3 f6 21. Rfe1
Nxd4 22. Rxd4 Be6 23. Rd2 Qf7 24. Bxe5 fxe5 25. Ng5 Qf6 26. Nxe6 Rxe6 27. Bc4
Re7 28. b4 Rae8 29. Rde2 a5 30. a3 axb4 31. axb4 b6 32. Bb5 c6 33. cxb6 cxb5
34. bxa7 h6 35. Qc5 Qa6 36. a8=Q Qxa8 37. Qxb5 Qb8 38. Qc4 Rb7 39. Re4 Rb5 40.
Qc3 Rc8 41. Qb2 Kg8 42. h3 Kh8 43. Qf2 Rxb4 44. Rxe5 Rb2 45. Qd4 Rd8 46. Qg4
Rb7 47. Qg6 Rb1 48. Qxb1 1-0

[Event "DEM U14 2005"]
[Site "Willingen GER"]
[Date "2005.05.18"]
[Round "6"]
[White "Eibl, Maximilian"]
[Black "Völsgen, Georg"]
[Result "1/2-1/2"]
[Termination "normal"]
[Board "11"]
[WhiteElo "1843"]
[BlackElo "1562"]
[PlyCount "52"]
[WhiteFideId "24620092"]
[BlackFideId "24635901"]
[EventCountry "GER"]
[EventRounds "9"]
[EventType "swiss"]
[EventDate "2005.05.15"]

1. Nc3 d5 2. d4 Nf6 3. Bg5 e6 4. e4 dxe4 5. Nxe4 Be7 6. Bxf6 Bxf6 7. Nxf6+ Qxf6
8. Bd3 Nc6 9. Nf3 O-O 10. O-O e5 11. d5 Ne7 12. c4 Bg4 13. Be4 Rad8 14. Qc2 h6
15. Nd2 Bf5 16. Rfe1 Rfe8 17. Re3 Bxe4 18. Nxe4 Qg6 19. Rg3 Qf5 20. Re1 Ng6 21.
Ree3 Nf4 22. Ref3 c6 23. h3 cxd5 24. cxd5 Rxd5 25. Qa4 Red8 26. Nc3 Rd4 1/2-1/2

[Event "DEM U14 2005"]
[Site "Willingen GER"]
[Date "2005.05.18"]
[Round "6"]
[White "Rath, Oliver"]
[Black "Zahn, Benno"]
[Result "0-1"]
[Termination "normal"]
[Board "12"]
[WhiteElo "1717"]
[BlackElo "1677"]
[PlyCount "50"]
[WhiteFideId "24610380"]
[BlackFideId "24636070"]
[EventCountry "GER"]
[EventRounds "9"]
[EventType "swiss"]
[EventDate "2005.05.15"]

1. c4 e5 2. Nc3 Nf6 3. Qc2 Nc6 4. Nf3 d5 5. cxd5 Nxd5 6. Nxe5 Ndb4 7. Qa4 Bd7
8. Nxc6 Bxc6 9. Qd1 Qg5 10. d3 Qf6 11. a3 Nd5 12. Nxd5 Bxd5 13. e3 O-O-O 14. d4
Bd6 15. Bd3 Qg5 16. Rg1 Bxh2 17. e4 Qe7 18. Rh1 Bxe4 19. Be3 Bd6 20. Rc1 f5 21.
Qe2 Bxd3 22. Qxd3 f4 23. Rh3 fxe3 24. Rxe3 Qd7 25. Kf1 Bf4 0-1

[Event "DEM U14 2005"]
[Site "Willingen GER"]
[Date "2005.05.18"]
[Round "6"]
[White "Bart, Simon"]
[Black "Jacobi, Robin"]
[Result "1/2-1/2"]
[Termination "normal"]
[Board "13"]
[WhiteElo "1474"]
[BlackElo "1622"]
[PlyCount "108"]
[WhiteFideId "24637327"]
[BlackFideId "24646962"]
[EventCountry "GER"]
[EventRounds "9"]
[EventType "swiss"]
[EventDate "2005.05.15"]

1. e4 c5 2. Nf3 Nc6 3. Bb5 g6 4. O-O Bg7 5. c3 e6 6. d4 cxd4 7. cxd4 Nge7 8. d5
Ne5 9. Nc3 a6 10. Ba4 b5 11. Bb3 O-O 12. Nxe5 Bxe5 13. f4 Bg7 14. Be3 d6 15.
dxe6 Bxe6 16. Bxe6 fxe6 17. Bd4 Bxd4+ 18. Qxd4 Nf5 19. Qd1 Qb6+ 20. Kh1 Nd4 21.
Ne2 Nxe2 22. Qxe2 Rac8 23. f5 exf5 24. exf5 Rce8 25. Qd3 gxf5 26. Rxf5 Rxf5 27.
Qxf5 Qe3 28. Rf1 Qe5 29. Qf7+ Kh8 30. h4 Qe7 31. Qf4 Qe5 32. Qf7 Qe7 33. Qf4
Qe5 34. Qf7 d5 35. Qf6+ Qxf6 36. Rxf6 Re2 37. Rxa6 Rxb2 38. Ra8+ Kg7 39. Ra6 d4
40. Kg1 d3 41. Rd6 d2 42. Kf1 Rxa2 43. Ke2 b4 44. Rb6 Rb2 45. g4 b3 46. Kd1
Rb1+ 47. Kxd2 b2 48. Rb7+ Kf6 49. Kc2 Rh1 50. Rxb2 Rxh4 51. Rb4 Kg5 52. Kd2
Rh2+ 53. Ke3 Rh3+ 54. Kf2 Ra3 1/2-1/2

[Event "DEM U14 2005"]
[Site "Willingen GER"]
[Date "2005.05.18"]
[Round "6"]
[White "Brüggemann, Florian"]
[Black "Fernschild, Daniel"]
[Result "1/2-1/2"]
[Termination "normal"]
[Board "14"]
[WhiteElo "1626"]
[BlackElo "1581"]
[PlyCount "84"]
[WhiteFideId "24645567"]
[BlackFideId "4624513"]
[EventCountry "GER"]
[EventRounds "9"]
[EventType "swiss"]
[EventDate "2005.05.15"]

1. e4 e6 2. d4 d5 3. e5 c5 4. c3 Nc6 5. Nf3 Qb6 6. Be2 Bd7 7. O-O Be7 8. Re1 f6
9. Bf1 O-O-O 10. a4 h6 11. Na3 c4 12. exf6 Nxf6 13. Nxc4 dxc4 14. Bxc4 Nd5 15.
a5 Qc7 16. Qc2 Bf6 17. b4 a6 18. Bd2 Na7 19. Qb3 Qc6 20. Ne5 Bxe5 21. Rxe5 Nc7
22. Bf4 Nd5 23. Bxd5 exd5 24. Rxd5 Be6 25. Rxd8+ Rxd8 26. Qd1 Qe4 27. Qe1 Qxe1+
28. Rxe1 Bc4 29. Re7 Rd7 30. Re8+ Rd8 31. Rxd8+ Kxd8 32. f3 Ke7 33. Kf2 Nb5 34.
Bd2 Ke6 35. Ke3 Kf5 36. g4+ Kf6 37. h4 g6 38. f4 h5 39. gxh5 gxh5 40. d5 Bxd5
41. Kd3 Kf5 42. Be3 Nxc3 1/2-1/2

[Event "DEM U14 2005"]
[Site "Willingen GER"]
[Date "2005.05.19"]
[Round "7"]
[White "Fink, Leander"]
[Black "Bogner, Sebastian"]
[Result "1/2-1/2"]
[Termination "normal"]
[Board "1"]
[WhiteElo "1967"]
[BlackElo "2409"]
[PlyCount "91"]
[WhiteFideId "24605247"]
[BlackFideId "4692055"]
[EventCountry "GER"]
[EventRounds "9"]
[EventType "swiss"]
[EventDate "2005.05.15"]

1. e4 c5 2. Nf3 d6 3. d4 cxd4 4. Nxd4 Nf6 5. Bd3 a6 6. c4 e6 7. O-O Nbd7 8. Nc3
b6 9. f3 Bb7 10. Nc2 Qc7 11. Be3 Be7 12. Qd2 Rc8 13. Rac1 O-O 14. b3 Rfe8 15.
Rfd1 Qb8 16. Bf1 Bd8 17. Bf4 Ne5 18. Nb4 Nh5 19. Be3 Bc7 20. Qf2 Nd7 21. g4
Nhf6 22. g5 Nh5 23. f4 g6 24. Be2 Ng7 25. Bf3 Nc5 26. Nd3 Qa8 27. Nxc5 bxc5 28.
Rf1 Rf8 29. Qg2 Bd8 30. Rcd1 Be7 31. h4 f6 32. h5 gxh5 33. g6 hxg6 34. Qxg6 f5
35. Bxh5 Rf6 36. Qg5 Kh7 37. Kf2 Rh8 38. Rg1 Qf8 39. Bg6+ Kg8 40. Rh1 Rxh1 41.
Rxh1 Rxg6 42. Qxg6 Qf6 43. Qxf6 Bxf6 44. Na4 fxe4 45. a3 Nf5 46. Rg1+ 1/2-1/2

[Event "DEM U14 2005"]
[Site "Willingen GER"]
[Date "2005.05.19"]
[Round "7"]
[White "Geske, Julian"]
[Black "Kim, Oi-sin"]
[Result "1-0"]
[Termination "normal"]
[Board "3"]
[WhiteElo "2047"]
[BlackElo "2056"]
[PlyCount "83"]
[WhiteFideId "24605263"]
[BlackFideId "24605778"]
[EventCountry "GER"]
[EventRounds "9"]
[EventType "swiss"]
[EventDate "2005.05.15"]

1. e4 e5 2. Nf3 Nc6 3. Bb5 Nf6 4. O-O d6 5. d4 exd4 6. Nxd4 Bd7 7. Re1 Be7 8.
Nc3 O-O 9. h3 Re8 10. Bf4 Nxd4 11. Qxd4 a6 12. Bf1 h6 13. Rad1 Bc6 14. Bc4 Nh5
15. Bh2 Bf6 16. e5 Bxe5 17. Bxe5 Qg5 18. Bg3 Nxg3 19. fxg3 Qxg3 20. Qf2 Qg6 21.
Nd5 Bxd5 22. Bxd5 c6 23. Bf3 d5 24. Re2 f5 25. Rde1 Rxe2 26. Qxe2 Qf6 27. Qe5
Qxe5 28. Rxe5 Rf8 29. Re7 Rf7 30. Rxf7 Kxf7 31. Kf2 Kf6 32. Ke3 Ke5 33. a4 a5
34. g3 g6 35. Kd3 c5 36. c4 d4 37. Bxb7 h5 38. Bf3 h4 39. gxh4 Kf4 40. h5 gxh5
41. Bxh5 Kg3 42. b4 1-0

[Event "DEM U14 2005"]
[Site "Willingen GER"]
[Date "2005.05.19"]
[Round "7"]
[White "Schubert, Sven"]
[Black "Jorczik, Julian"]
[Result "1/2-1/2"]
[Termination "normal"]
[Board "4"]
[WhiteElo "1788"]
[BlackElo "2162"]
[PlyCount "54"]
[WhiteFideId "24630551"]
[BlackFideId "24611719"]
[EventCountry "GER"]
[EventRounds "9"]
[EventType "swiss"]
[EventDate "2005.05.15"]

1. e4 c5 2. c3 Nf6 3. e5 Nd5 4. g3 d6 5. exd6 Qxd6 6. Bg2 Nc6 7. Ne2 Bf5 8. O-O
Nb6 9. d4 cxd4 10. Nxd4 Nxd4 11. cxd4 Qd7 12. Qf3 Rb8 13. Bf4 Bg4 14. Qe4 Bf5
15. Qf3 Bg4 16. Qe4 f5 17. Qd3 Rd8 18. h3 Bh5 19. Nc3 e6 20. Nb5 Bc5 21. Nc7+
Kf7 22. Rae1 Bxd4 23. Qb1 Rhe8 24. Nxe6 Rxe6 25. Qxf5+ Rf6 26. Qxh5+ Kg8 27.
Bg5 Rf5 1/2-1/2

[Event "DEM U14 2005"]
[Site "Willingen GER"]
[Date "2005.05.19"]
[Round "7"]
[White "Strathoff, Jens"]
[Black "Müller, Reinhold"]
[Result "1/2-1/2"]
[Termination "normal"]
[Board "5"]
[WhiteElo "1805"]
[BlackElo "2122"]
[PlyCount "103"]
[WhiteFideId "4699084"]
[BlackFideId "24605875"]
[EventCountry "GER"]
[EventRounds "9"]
[EventType "swiss"]
[EventDate "2005.05.15"]

1. e4 e6 2. d4 d5 3. Nd2 Nf6 4. e5 Nfd7 5. c3 c5 6. Bd3 Nc6 7. Ne2 cxd4 8. cxd4
f6 9. exf6 Nxf6 10. Nf3 Bd6 11. Bf4 Bxf4 12. Nxf4 Qa5+ 13. Qd2 Qxd2+ 14. Kxd2
O-O 15. Ne2 Ne4+ 16. Ke1 Nb4 17. Nc1 Bd7 18. a3 Nxd3+ 19. Nxd3 Rac8 20. Nfe5
Bb5 21. f3 Bxd3 22. Nxd3 Nd6 23. Rd1 Rc4 24. Ne5 Rc2 25. Rd2 Rc1+ 26. Rd1 Rxd1+
27. Kxd1 Nf5 28. Kd2 Nxd4 29. Kd3 Nf5 30. Rc1 Nd6 31. Rc7 Rf5 32. Rd7 Rxe5 33.
Rxd6 Rg5 34. g4 h5 35. h4 Re5 36. gxh5 Rf5 37. Rxe6 Rxf3+ 38. Kd2 Rb3 39. Kc2
Rb6 40. Re7 a5 41. Rd7 Rb5 42. h6 gxh6 43. Rd6 Kg7 44. h5 a4 45. Rg6+ Kh7 46.
Rd6 Rc5+ 47. Kd3 Rb5 48. Kc2 Rc5+ 49. Kd3 b5 50. Rd7+ Kg8 51. Rd8+ Kh7 52. Rd7+
1/2-1/2

[Event "DEM U14 2005"]
[Site "Willingen GER"]
[Date "2005.05.19"]
[Round "7"]
[White "Heimann, Andreas"]
[Black "Zeldin, Leonid"]
[Result "1-0"]
[Termination "normal"]
[Board "6"]
[WhiteElo "2119"]
[BlackElo "1917"]
[PlyCount "51"]
[WhiteFideId "24624632"]
[BlackFideId "24636088"]
[EventCountry "GER"]
[EventRounds "9"]
[EventType "swiss"]
[EventDate "2005.05.15"]

1. e4 c5 2. Nc3 d6 3. g3 Nc6 4. Bg2 g6 5. d3 e6 6. Nge2 Bg7 7. Be3 Nd4 8. O-O
Ne7 9. Nc1 O-O 10. Qd2 Rb8 11. Nd1 b5 12. c3 Ndc6 13. Bh6 b4 14. Bxg7 Kxg7 15.
Ne3 e5 16. Ne2 h5 17. f4 f6 18. h4 f5 19. exf5 gxf5 20. fxe5 Nxe5 21. Nf4 Qe8
22. d4 Ng4 23. Nxg4 hxg4 24. Rae1 Qf7 25. dxc5 dxc5 26. Qd6 1-0

[Event "DEM U14 2005"]
[Site "Willingen GER"]
[Date "2005.05.19"]
[Round "7"]
[White "Zehnter, Sebastian"]
[Black "Hirneise, Jens"]
[Result "1/2-1/2"]
[Termination "normal"]
[Board "7"]
[WhiteElo "2033"]
[BlackElo "1958"]
[PlyCount "113"]
[WhiteFideId "24608670"]
[BlackFideId "24614734"]
[EventCountry "GER"]
[EventRounds "9"]
[EventType "swiss"]
[EventDate "2005.05.15"]

1. e4 c5 2. Nf3 e6 3. Nc3 Nc6 4. Bb5 a6 5. Bxc6 dxc6 6. Qe2 Nf6 7. d3 Be7 8.
O-O O-O 9. Bg5 h6 10. Bh4 Nh5 11. Bxe7 Qxe7 12. e5 Nf4 13. Qd2 Ng6 14. Qe3 b6
15. Ne4 a5 16. Rad1 Ba6 17. c4 Qc7 18. Ng3 Rad8 19. Rfe1 Rd7 20. Nh5 Qd8 21. b3
Qe7 22. Qe4 Bb7 23. Re3 Rfd8 24. g3 a4 25. Qg4 Kh7 26. Nh4 Qg5 27. Qxg5 hxg5
28. Ng2 Rd4 29. h3 axb3 30. axb3 b5 31. Rc1 Rxd3 32. cxb5 Rd1+ 33. Re1 Rxc1 34.
Rxc1 Nxe5 35. Ne1 Rd5 36. f4 Nd7 37. bxc6 Bxc6 38. fxg5 Rxg5 39. g4 Rd5 40. Nf4
Rd4 41. Nfd3 Bd5 42. Nxc5 Nxc5 43. Rxc5 Bxb3 44. Kf2 Bd5 45. Rc3 Kg6 46. Kg3 e5
47. Nf3 Bxf3 48. Kxf3 Kg5 49. Kg3 f6 50. h4+ Kg6 51. Rc7 Rd3+ 52. Kg2 e4 53.
Re7 e3 54. Kf3 Ra3 55. Rxe3 Rxe3+ 56. Kxe3 f5 57. Kf4 1/2-1/2

[Event "DEM U14 2005"]
[Site "Willingen GER"]
[Date "2005.05.19"]
[Round "7"]
[White "Zahn, Benno"]
[Black "Nuber, Blasius"]
[Result "1-0"]
[Termination "normal"]
[Board "8"]
[WhiteElo "1677"]
[BlackElo "1996"]
[PlyCount "69"]
[WhiteFideId "24636070"]
[BlackFideId "24620289"]
[EventCountry "GER"]
[EventRounds "9"]
[EventType "swiss"]
[EventDate "2005.05.15"]

1. e4 Nf6 2. e5 Nd5 3. c4 Nb6 4. d4 d6 5. exd6 cxd6 6. Nc3 g6 7. Be3 Bg7 8. Rc1
O-O 9. b3 Nc6 10. d5 Ne5 11. Be2 a5 12. f4 Ned7 13. Nf3 Nc5 14. O-O Bf5 15. Nd4
Ne4 16. Nxe4 Bxe4 17. Bd3 Bxd3 18. Qxd3 Nd7 19. Qc2 Rc8 20. Qb1 Re8 21. Rcd1
Nc5 22. f5 Qb6 23. fxg6 hxg6 24. Ne6 Be5 25. h4 Qb4 26. h5 Qc3 27. Rf3 Nxe6 28.
dxe6 f5 29. hxg6 Bg7 30. Qxf5 Rf8 31. Qh3 Rxf3 32. Qxf3 Rf8 33. Qh3 Rf6 34.
Qh7+ Kf8 35. Bh6 1-0

[Event "DEM U14 2005"]
[Site "Willingen GER"]
[Date "2005.05.19"]
[Round "7"]
[White "Korman, Maxim"]
[Black "Savchenko, Aleksij"]
[Result "1/2-1/2"]
[Termination "normal"]
[Board "9"]
[WhiteElo "1999"]
[BlackElo "2026"]
[PlyCount "82"]
[WhiteFideId "24619787"]
[BlackFideId "24611727"]
[EventCountry "GER"]
[EventRounds "9"]
[EventType "swiss"]
[EventDate "2005.05.15"]

1. e4 c5 2. b3 Nc6 3. Bb2 e5 4. Nc3 d6 5. Bb5 Nge7 6. Nge2 g6 7. O-O Bg7 8. Nd5
O-O 9. Bxc6 Nxc6 10. f4 f5 11. d3 fxe4 12. dxe4 Bg4 13. h3 Be6 14. g4 exf4 15.
Bxg7 Kxg7 16. Nexf4 Bg8 17. Qd2 Ne5 18. Kg2 Rc8 19. c4 a6 20. Nc3 h6 21. Nd3
Nc6 22. Rxf8 Qxf8 23. Rf1 Qe7 24. Qf4 Re8 25. Qg3 Nd4 26. Nf4 b5 27. Nfd5 Bxd5
28. exd5 b4 29. Nd1 Qe4+ 30. Kh2 Qe2+ 31. Qf2 Qxf2+ 32. Rxf2 Re2 33. Kg2 Rxf2+
34. Kxf2 Kf6 35. Nb2 Kg5 36. Nd3 Nc2 37. Kf3 Na3 38. h4+ Kf6 39. Nf2 Nb1 40.
Ne4+ Ke5 41. Ke3 Nc3 1/2-1/2

[Event "DEM U14 2005"]
[Site "Willingen GER"]
[Date "2005.05.19"]
[Round "7"]
[White "Kaczmarczyk, Dennis"]
[Black "Eibl, Maximilian"]
[Result "1-0"]
[Termination "normal"]
[Board "10"]
[WhiteElo "1986"]
[BlackElo "1843"]
[PlyCount "45"]
[WhiteFideId "24608297"]
[BlackFideId "24620092"]
[EventCountry "GER"]
[EventRounds "9"]
[EventType "swiss"]
[EventDate "2005.05.15"]

1. d4 Nf6 2. Bg5 Ne4 3. Bf4 c5 4. d5 e6 5. f3 Qa5+ 6. c3 Nf6 7. e4 exd5 8. e5
Ng8 9. Qxd5 Ne7 10. Qd2 Nbc6 11. Na3 Ng6 12. Nc4 Qd8 13. Bg5 Be7 14. Nd6+ Kf8
15. Bxe7+ Qxe7 16. f4 f6 17. O-O-O fxe5 18. fxe5 Ngxe5 19. Re1 Nd3+ 20. Bxd3
Qxd6 21. Nh3 Ne5 22. Rhf1+ Ke8 23. Qg5 1-0